<?xml version="1.0" encoding="UTF-8"?>
<record
    xmlns:xsi="http://www.w3.org/2001/XMLSchema-instance"
    xsi:schemaLocation="http://www.loc.gov/MARC21/slim http://www.loc.gov/standards/marcxml/schema/MARC21slim.xsd"
    xmlns="http://www.loc.gov/MARC21/slim">

  <leader>01532cam a2200289 a 4500</leader>
  <controlfield tag="001">000007637</controlfield>
  <controlfield tag="005">20200929154236.0</controlfield>
  <controlfield tag="008">841214s1984    ag       b    001 0 spa  </controlfield>
  <datafield tag="020" ind1=" " ind2=" ">
    <subfield code="a">9504300960</subfield>
  </datafield>
  <datafield tag="040" ind1=" " ind2=" ">
    <subfield code="a">DO-SdBNP</subfield>
    <subfield code="c">DLC</subfield>
    <subfield code="d">DLC</subfield>
  </datafield>
  <datafield tag="082" ind1=" " ind2=" ">
    <subfield code="a">C864.44</subfield>
    <subfield code="b">C657u</subfield>
  </datafield>
  <datafield tag="100" ind1="1" ind2=" ">
    <subfield code="a">Cobo Borda, J. G.,</subfield>
    <subfield code="d">1948-</subfield>
    <subfield code="9">19184</subfield>
  </datafield>
  <datafield tag="245" ind1="1" ind2="0">
    <subfield code="a">Usos de la imaginaci&#xF3;n /</subfield>
    <subfield code="c">Cobo Borda, De Ruschi, Herrera.</subfield>
  </datafield>
  <datafield tag="260" ind1=" " ind2=" ">
    <subfield code="a">Argentina :</subfield>
    <subfield code="b">El Imaginero,</subfield>
    <subfield code="c">1984.</subfield>
  </datafield>
  <datafield tag="300" ind1=" " ind2=" ">
    <subfield code="a">164 p. ;</subfield>
    <subfield code="c">20 cm.</subfield>
  </datafield>
  <datafield tag="490" ind1="1" ind2=" ">
    <subfield code="a">El Imaginero</subfield>
  </datafield>
  <datafield tag="490" ind1="1" ind2=" ">
    <subfield code="a">Cuadernos de poes&#xED;a y Cr&#xED;tica.</subfield>
  </datafield>
  <datafield tag="504" ind1=" " ind2=" ">
    <subfield code="a">Bibliograf&#xED;a: p. 161-163.</subfield>
  </datafield>
  <datafield tag="505" ind1="0" ind2=" ">
    <subfield code="a">Vueltas en redondo en Torno a G. Garc&#xED;a M&#xE1;rquez; Argentina Poes&#xED;a / JG Cobo Borda - El ropaje y la musica: un ensayo sobre Jaime S&#xE1;enz / Maria Julia de Ruschi Crespo - La poes&#xED;a de los limites y los limites de la poes&#xED;a, lo negro, lo esteril, lo fragmentado: un ensayo sobre Alejandra Pizarnik; El culpable: un ensayo sobre C&#xE9;sar Vallejo, Muerte sin fin: un ensayo sobre Jos&#xE9; Gorostiza - El Petrificado y la nieve: un ensayo sobre Xavier Villaurrutia; En el gran patio del desasimiento: un ensayo sobre Ricardo E. Molinari; Hacia la utop&#xED;a sangrante: un ensayo sobre Francisco Madariaga / Ricardo H. Herrera.</subfield>
  </datafield>
  <datafield tag="650" ind1=" " ind2="4">
    <subfield code="a">Ensayos colombianos</subfield>
    <subfield code="9">14811</subfield>
  </datafield>
  <datafield tag="650" ind1=" " ind2="4">
    <subfield code="a">Literatura colombiana</subfield>
    <subfield code="9">1244</subfield>
  </datafield>
  <datafield tag="700" ind1="1" ind2=" ">
    <subfield code="a">Ruschi Crespo, Mar&#xED;a Julia de.</subfield>
    <subfield code="9">21187</subfield>
  </datafield>
  <datafield tag="700" ind1="1" ind2=" ">
    <subfield code="a">Herrera, Ricardo H.</subfield>
    <subfield code="9">21188</subfield>
  </datafield>
  <datafield tag="830" ind1=" " ind2="0">
    <subfield code="a">Imaginero ;</subfield>
    <subfield code="p">cuadernos de poes&#xED;a y Cr&#xED;tica.</subfield>
    <subfield code="9">21189</subfield>
  </datafield>
  <datafield tag="910" ind1=" " ind2=" ">
    <subfield code="a">Catalogaci&#xF3;n por copia / LC</subfield>
  </datafield>
  <datafield tag="049" ind1=" " ind2=" ">
    <subfield code="a">BNGR</subfield>
  </datafield>
  <datafield tag="952" ind1=" " ind2=" ">
    <subfield code="0">0</subfield>
    <subfield code="1">0</subfield>
    <subfield code="5">2</subfield>
    <subfield code="7">0</subfield>
    <subfield code="8">MO</subfield>
    <subfield code="a">GR</subfield>
    <subfield code="b">GR</subfield>
    <subfield code="c">CT</subfield>
    <subfield code="d">2009-09-09</subfield>
    <subfield code="i">LF1</subfield>
    <subfield code="l">0</subfield>
    <subfield code="o">C864.44 C657u</subfield>
    <subfield code="p">7637-10</subfield>
    <subfield code="r">2020-06-25</subfield>
    <subfield code="w">2020-06-25</subfield>
    <subfield code="y">2</subfield>
    <subfield code="Z">Pr&#xE9;stamo interno</subfield>
  </datafield>
  <datafield tag="999" ind1=" " ind2=" ">
    <subfield code="c">7417</subfield>
    <subfield code="d">7417</subfield>
  </datafield>
</record>
